A sportsztárok fogyasztói döntést befolyásoló szerepe

Bibliográfiai részletek
Szerző: Csitári Brigitta
További közreműködők: Sajgál Tamás János
Dokumentumtípus: Diplomadolgozat
Kulcsszavak:Reklám
Marketing
Marketingkommunikáció
Sportkommunikáció
Szponzorálás
Online Access:http://dolgozattar.uni-bge.hu/4727

MARC

LEADER 00000nta a2200000 i 4500
001 dolg4727
005 20160210190952.0
008 151215suuuu hu om 000 hun d
040 |a BGE Dolgozattár Repozitórium  |b hun 
041 |a hu 
100 1 |a Csitári Brigitta 
245 1 2 |a A sportsztárok fogyasztói döntést befolyásoló szerepe  |c Csitári Brigitta  |h [elektronikus dokumentum] 
246 1 1 |a A sportsztárok fogyasztói döntést befolyásoló szerepe 
695 |a Reklám 
695 |a Marketing  
695 |a Marketingkommunikáció 
695 |a Sportkommunikáció 
695 |a Szponzorálás 
700 1 |a Sajgál Tamás János  |e ths 
856 4 0 |u http://dolgozattar.uni-bge.hu/4727/1/szakdoga.PDF  |z Dokumentum-elérés